| 000 | 00714nam a2200253Ia 4500 | ||
|---|---|---|---|
| 003 | OSt | ||
| 005 | 20220924115700.0 | ||
| 006 | a|||||r|||| 00| 0 | ||
| 007 | ta | ||
| 008 | 220923b |||||||| |||| 00| 0 pur d | ||
| 020 | _a818223204X | ||
| 020 | _c110 | ||
| 024 | _a250774 | ||
| 037 | _cTextual | ||
| 040 |
_aARTS _cARTS _bpur |
||
| 041 |
_2pur _apur |
||
| 082 | _aO164,1G08:g, 168P6 | ||
| 100 |
_aShahid Mukhtar _9179172 |
||
| 245 | 0 |
_aAmir Khusro _b Shaksiyat afkar wa khayalat wa fire wa fun |
|
| 260 |
_aDelhi _bEducational India _c2006 |
||
| 650 |
_aPERSIAN LITERATURE _9309 |
||
| 942 |
_hO164,1G08:g, 168P6 _cTEXL _2CC |
||
| 999 |
_c399418 _d399418 |
||